Dinosaurs - Sudden Death - Statistics

General Stats
  • This quiz has been taken 4,967 times
  • The average score is 4 of 15
Answers on the Grid
Answers color-coded by a green-red scale on the quiz's grid according to % correct below.
Abelisaurus
Acrocanthosaurus
Alchosaurus
Amargasaurus
Baryonyx
Ceramagnus
Ceratops
Dimetrodon
Dimorphodon
Diplocaulus
Dracorex
Elasmosaurus
Euoplocephalus
Graciliraptor
Icthyovenator
Indominus Rex
Liopleurodon
Masiakasaurus
Nundasuchus
Plateopikasaurus
Pteranodon
Pterodactylus
Refrenantem
Sonorasaurus
Spinoceratops
Trykovenator
Tyrannosaurus Rex
Utahraptor
Velociraptor
Zuul
 
Answer Stats
Answer % Correct
Baryonyx
60%
Tyrannosaurus Rex
41%
Velociraptor
38%
Acrocanthosaurus
36%
Abelisaurus
33%
Amargasaurus
31%
Ceratops
24%
Utahraptor
23%
Dracorex
17%
Euoplocephalus
13%
Icthyovenator
13%
Masiakasaurus
9%
Zuul
8%
Sonorasaurus
7%
Graciliraptor
6%
No matching quizzes found
Score Distribution
Percent of People with Each Score
Percentile by Number Answered
Your Score History
You have not taken this quiz